She walks in beauty : (Record no. 1027)

MARC details
000 -LEADER
fixed length control field 00993cam a22003018a 4500
005 - DATE AND TIME OF LATEST TRANSACTION
control field 20260322212043.0
008 - FIXED-LENGTH DATA ELEMENTS--GENERAL INFORMATION
fixed length control field data
010 ## - LIBRARY OF CONGRESS CONTROL NUMBER
LC control number 2011002177
020 ## - INTERNATIONAL STANDARD BOOK NUMBER
International Standard Book Number 9781401341459
020 ## - INTERNATIONAL STANDARD BOOK NUMBER
International Standard Book Number 1401341454
040 ## - CATALOGING SOURCE
Original cataloging agency DLC
Transcribing agency DLC
042 ## - AUTHENTICATION CODE
Authentication code pcc
050 00 - LIBRARY OF CONGRESS CALL NUMBER
Classification number PN6101
Item number .S475 2011
082 00 - DEWEY DECIMAL CLASSIFICATION NUMBER
Classification number 808.81
Edition information 22
092 ## - LOCALLY ASSIGNED DEWEY CALL NUMBER (OCLC)
Classification number 808.81 S475 2011
001 - CONTROL NUMBER
control field data
245 10 - TITLE STATEMENT
Title She walks in beauty :
Remainder of title a woman's journey through poems /
Statement of responsibility, etc. Caroline Kennedy.
250 ## - EDITION STATEMENT
Edition statement 1st ed.
260 ## - PUBLICATION, DISTRIBUTION, ETC.
Place of publication, distribution, etc. New York :
Name of publisher, distributor, etc. Hyperion,
Date of publication, distribution, etc. 2011.
263 ## - PROJECTED PUBLICATION DATE
Projected publication date 1104
300 ## - PHYSICAL DESCRIPTION
Extent p. cm.
650 #0 - SUBJECT ADDED ENTRY--TOPICAL TERM
Topical term or geographic name entry element Poetry
Form subdivision Collections.
700 1# - ADDED ENTRY--PERSONAL NAME
Personal name Kennedy, Caroline,
Dates associated with a name 1957-
906 ## - LOCAL DATA ELEMENT F, LDF (RLIN)
a 7
b cbc
c orignew
d 1
e ecip
f 20
g y-gencatlg
925 0# -
-- acquire
-- 2 shelf copies
-- policy default
955 ## - COPY-LEVEL INFORMATION (RLIN)
-- rg13 2011-01-21 (telework) to DEWEY
-- rd06 2011-01-28
963 ## -
-- Elizabeth Sabo; phone: 917-661-2045; fax: 917-661-6440; email: [email protected]; bc: [email protected]
Holdings
Withdrawn status Lost status Damaged status Not for loan Home library Current library Shelving location Date acquired Total checkouts Full call number Barcode Date last seen Price effective from Koha item type
        Centerville Centerville General stacks 22/03/2026   808.81 22 BC0011061 22/03/2026 22/03/2026 Books